000 00452pab a2200169 454500
008 180718b2015 xxu||||| |||| 00| 0 eng d
100 _aWang, Yang
245 _aRailways and the local economy: evidence from Qingzang railways
260 _c2015
300 _ap.552-588.
362 _aApr
650 _aRailways - China
650 _aRailways
700 _aWu, Binzhen
773 _aEconomic Development and Cultural Change
909 _a108834
999 _c108829
_d108829